Statistics for Stations in the London Borough of Lewisham

Click here to take the quiz!

General Stats

  • This quiz has been taken 11 times
  • The average score is 16 of 21

Answer Stats

Answer% Correct
Deptford
100%
Lewisham
100%
Hither Green
90%
Ladywell
90%
St Johns
90%
Blackheath
80%
Catford
80%
Catford Bridge
80%
Grove Park
80%
Lee
80%
Bellingham
70%
Brockley
70%
Elverson Road
70%
Forest Hill
70%
New Cross
70%
New Cross Gate
70%
Sydenham
70%
Crofton Park
60%
Lower Sydenham
60%
Beckenham Hill
50%
Honor Oak Park
50%

Score Distribution

Percentile by Number Answered

Percent of People with Each Score

Your Score History

You have not taken this quiz